|
|
|
|
| LEADER |
02241nam a22003253i 4500 |
| 001 |
EBC31498725 |
| 003 |
MiAaPQ |
| 005 |
20240729202206.0 |
| 006 |
m o d | |
| 007 |
cr cnu|||||||| |
| 008 |
240729s2020 xx o ||||0 fre d |
| 020 |
|
|
|a 9789240000933
|q (electronic bk.)
|
| 035 |
|
|
|a (MiAaPQ)EBC31498725
|
| 035 |
|
|
|a (Au-PeEL)EBL31498725
|
| 040 |
|
|
|a MiAaPQ
|b eng
|e rda
|e pn
|c MiAaPQ
|d MiAaPQ
|
| 245 |
1 |
0 |
|a Lutte Anti-Infectieuse Lors de la Prise en Charge des Patients Chez Lesquels on Suspecte une Infection Par un Nouveau Coronavirus (nCoV) :
|b Orientations Provisoires, 25 Janvier 2020.
|
| 250 |
|
|
|a 1st ed.
|
| 264 |
|
1 |
|a Geneva :
|b World Health Organization,
|c 2020.
|
| 264 |
|
4 |
|c ©2020.
|
| 300 |
|
|
|a 1 online resource (5 pages)
|
| 336 |
|
|
|a text
|b txt
|2 rdacontent
|
| 337 |
|
|
|a computer
|b c
|2 rdamedia
|
| 338 |
|
|
|a online resource
|b cr
|2 rdacarrier
|
| 505 |
0 |
|
|a Introduction -- Principes des stratégies de lutte anti-infectieuse associées à la prise en charge des patients en cas de suspicion d'infection par un nCoV -- 2. Précautions standard à appliquer pour tous les patients -- 3.1 Précautions contre le contact et les gouttelettes -- 3.2 Précautions à prendre pour les actes générant des aérosols -- Durée du maintien des précautions contre le contact et les gouttelettes pour les patients infectés par le nCoV -- Recueil et manipulation des échantillons de laboratoire provenant de patients chez lesquels on suspecte une infection par le 2019-nCoV -- Recommandation pour les soins ambulatoires -- Remerciements -- Références.
|
| 588 |
|
|
|a Description based on publisher supplied metadata and other sources.
|
| 590 |
|
|
|a Electronic reproduction. Ann Arbor, Michigan : ProQuest Ebook Central, 2024. Available via World Wide Web. Access may be limited to ProQuest Ebook Central affiliated libraries.
|
| 655 |
|
4 |
|a Electronic books.
|
| 776 |
0 |
8 |
|i Print version:
|t Lutte Anti-Infectieuse Lors de la Prise en Charge des Patients Chez Lesquels on Suspecte une Infection Par un Nouveau Coronavirus (nCoV)
|d Geneva : World Health Organization,c2020
|
| 797 |
2 |
|
|a ProQuest (Firm)
|
| 856 |
4 |
0 |
|u https://ebookcentral.proquest.com/lib/matrademy/detail.action?docID=31498725
|z Click to View
|